Statistics for Guess the Moste Gulpinouse Definitione #2

Click here to take the quiz!

General Stats

  • This quiz has been taken 9 times
  • The average score is 5 of 15

Answer Stats

HintAnswer% Correct
Lastly, what is Bufftaro's MBTI?BUFF
60%
Planete Moste Porcine-e
Saturn
60%
Muscle-e Moste OmnipotenteBufftaro
40%
Moste Superiore FormeEmpress Gulpa
40%
Planete Moste GaseouseJupiter
40%
Moste Primordiale Forme of LipideRicotta
40%
Moste Prominente Forme of a NebulaeChuntaro of Creation
20%
Moste Anatidae Forme of PaineDuck with bronchitis, inhaling helium, during constipation
20%
Poisone Moste PrimordialeJ.Saini's thongkkuh tablets
20%
Moste Potente Forme of Cube-esMinecraft
20%
Predatore Moste PrimordialeMoste Primordiale Huntere Forme of a Gulpae
20%
Moste Potente Forme of a Variable-ePalau
20%
Moste Befuddling-e Forme of a LoyikeRedstone
20%
Moste Primordiale Forme of Flatulence-eShanna
20%
Videos-e Moste ThineTikTok
20%

Score Distribution

Percentile by Number Answered

Percent of People with Each Score

Your Score History

You have not taken this quiz